000 00741nam a22002297a 4500
003 OSt
005 20160624174620.0
008 160624b xxu||||| |||| 00| 0 eng d
020 _a978-1-58488-543-6
040 _cLIC
082 _22009
_aDC 005.8
_bJ15i
100 _910417
_aJacobson, Douglas
245 _aIntroduction to network security/
_cDouglas Jacobson
260 _aBoca Raton:
_bCRC Press,
_cc2009.
300 _axxi,478 pages:
_billustrations;
_c24 cm.
365 _b6,250.00
_cPhp
440 _910420
_aChapman and Hall/CRC computer and information science series)
500 _aIncludes appendices and index.
650 0 _910418
_aComputer networks
_xSecurity measures
650 0 _910419
_aComputer security
942 _2ddc
_cDC
999 _c3123
_d3123